000 00303nam a22001337a 4500
003 SGT
020 _a9789388278027
082 _a080
_bR18C
100 _aCHOPRA, R.M.
245 _aREJOICING THE TWILIGHT: SPIRITUALITY FOR ALL
260 _bANURADHA PRAKASHAN
_c2018
300 _a115
942 _2ddc
_cBK
999 _c31602
_d31602